Microprocessor, microcomputer and their applications

Saved in:
Bibliographic Details
Main Author: Mukhopadhyay, A. K.
Format: Book
Language:Undetermined
Published: Oxforf Alpha Science International Ltd 2007
Subjects:
Tags: Add Tag
No Tags, Be the first to tag this record!
Institutions: Trung tâm Học liệu Trường Đại học Cần Thơ
LEADER 00563nam a2200193Ia 4500
001 CTU_128855
008 210402s9999 xx 000 0 und d
020 |c 995000 
082 |a 004.165 
082 |b M953 
100 |a Mukhopadhyay, A. K. 
245 0 |a Microprocessor, microcomputer and their applications 
245 0 |c A. K. Mukhopadhyay 
260 |a Oxforf 
260 |b Alpha Science International Ltd 
260 |c 2007 
650 |a Microprocessor,Mạch vi xử lý 
904 |i Nguyên 
980 |a Trung tâm Học liệu Trường Đại học Cần Thơ